[Event "Vandoeuvre op"]
[Site "Vandoeuvre"]
[Date "2004.??.??"]
[Round "1"]
[White "Blanchard, David"]
[Black "Rault, Pauline"]
[Result "1-0"]
[WhiteElo "1740"]
[BlackElo "1340"]
[PlyCount "47"]
[EventDate "2004.12.26"]
[EventType "swiss"]
[EventRounds "9"]
[EventCountry "FRA"]
[SourceTitle "CBM 104 Extra"]
[Source "ChessBase"]
[SourceDate "2005.03.01"]
[SourceVersion "1"]
[SourceVersionDate "2005.03.01"]
[SourceQuality "1"]

1. d4 d5 2. Nf3 Bf5 3. c4 c6 4. Nc3 Nd7 5. cxd5 cxd5 6. Nxd5 e6 7. Nc3 Bb4 8. Bd2 Ngf6 9. Qb3 Bxc3 10. Bxc3 Qb6 11. Qxb6 Nxb6 12. Nd2 0-0 13. f3 Rad8 14. e3 Nfd5 15. e4 Nxc3 16. bxc3 Bg6 17. Rc1 Rfe8 18. Bd3 Na4 19. Bb5 Re7 20. Bxa4 e5 21. d5 f5 22. Bb3 fxe4 23. d6+ Kf8 24. dxe7+ 1-0